000 01144nam a22003257a 4500
003 CHAP
005 20220329140542.0
008 971013s1983 r 00010 d
010 _a53806
011 _a54778
035 _a58929
040 _cCHAP
090 _aTesis
100 0 0 _aRuiz Sánchez Mejorada, Juan de Jesús.
_9100784
245 _aIncorporación de cuatro tipos de abonos verdes y evaluación de sus efectos sobre el desarrollo de un cultivo de frijol (Phaseolus vulgaris L.)
260 _aMonterrey, N. L. :
_bEl autor,
_c1983
300 _a53 h.
_b: ilus.
502 _aTesis (Ing. Agr. en Producción) -- ITESM. División de Ciencias Agropecuarias y Marítimas
590 _aALEPH
_b10
_c20130110
_lUCH01
_h1331
590 _aBATCH-UPD
_b10
_c20130110
_lUCH01
_h0402
590 _aBATCH-UPD
_b10
_c20130410
_lUCH01
_h0035
590 _aBATCH-UPD
_b10
_c20130913
_lUCH01
_h1839
590 _aCONVERSION
_b10
_c20130109
_lUCH01
_h1329
650 1 4 _aAbonos verdes.
_9282
650 1 4 _aAbonos
_xEfecto en frijol.
_9250
650 1 4 _aFrijol.
_943319
901 _aBK
942 _cTESIS
949 _bBC
_cTES
_d-127659
_eTS1
_i58929
_si
999 _c53806
_d53806